Cuestiones penitenciarias (Record no. 20011)

MARC details
000 -LEADER
campo de control de longitud fija 00920nam a2200193 i 4500
001 - NÚMERO DE CONTROL
campo de control 20011
003 - IDENTIFICADOR DE NÚMERO DE CONTROL
campo de control ES-MaACL
005 - FECHA Y HORA DE LA ÚLTIMA TRANSACCIÓN
campo de control 20240523094118.0
007 - CAMPO FIJO DE DESCRIPCIÓN FÍSICA--INFORMACIÓN GENERAL
campo de control de longitud fija t|
008 - DATOS DE LONGITUD FIJA--INFORMACIÓN GENERAL
campo de control de longitud fija 021108s1874 sp |||| | spa d
100 1# - ENTRADA PRINCIPAL--NOMBRE DE PERSONA
Nombre de persona Wines, Enoch Cobb (
Fechas asociadas al nombre 1806-1879)
9 (RLIN) 117073
245 10 - MENCIÓN DEL TÍTULO
Título Cuestiones penitenciarias
Resto del título : un nuevo congreso /
Mención de responsabilidad, etc. discurso pronunciado por E.C. Wines, presidente de la Comisión Internacional Penitenciaria, en la apertura de sus sesiones en Bruselas el 25 de junio de 1874 ; y artículo sobre el mismo asunto por Pedro Armengol y Cornet, publicados ambos en la Defensa de la Sociedad.
260 ## - PUBLICACIÓN, DISTRIBUCIÓN, ETC.
Lugar de publicación, distribución, etc. Madrid :
Nombre del editor, distribuidor, etc. [s.n.],
Fecha de publicación, distribución, etc. 1874 (
Fabricante Imp. Fundición y Estereotipia de Juan Aguado)
300 ## - DESCRIPCIÓN FÍSICA
Extensión 14 p. ;
Dimensiones 22 cm.
650 04 - PUNTO DE ACCESO ADICIONAL DE MATERIA--TÉRMINO DE MATERIA
Término de materia o nombre geográfico como elemento de entrada Establecimientos penitenciarios-
Subdivisión de forma Congresos y asambleas.
9 (RLIN) 163123
700 1# - ENTRADA AGREGADA--NOMBRE PERSONAL
Nombre de persona Armengol y Cornet, Pedro,
Fechas asociadas al nombre 1837-1896
9 (RLIN) 22949
852 ## - LOCALIZACIÓN
Ubicación ES-MaACL
Número de control de estantería T-171-F-7
Holdings
Estatus retirado Estado de pérdida Estado de daño No para préstamo Colección Biblioteca de origen Biblioteca actual Ubicación en estantería Fecha de adquisición Fuente de adquisición Total de préstamos Signatura topográfica completa Código de barras Visto por última vez Precio de reemplazo Tipo de ítem Koha
        Colección de folletos Biblioteca del Ateneo de Madrid Biblioteca del Ateneo de Madrid Depósito folletos 17/01/2008     T-171-F-7 1020503 23/02/2023 23/02/2023 Folleto